Southville International School and Colleges
Your cart is empty.
  • Cart
  • Lists
    Public lists Eva Luna New books Lux_list list_1
    Your lists Log in to create your own lists
  • Log in to your account
  • Your cookies
  • Search history
Southville International School and Colleges
  • Advanced search
  • Recent comments
  • Most popular
  • Libraries

Log in to your account

Log in with GOOGLE


If you do not have an external account, but do have a local account, you can still log in:

  1. Home
  2. MARC view: Stress & well-being at work
Normal view MARC view ISBD view

Stress & well-being at work (Record no. 15094)

[ view plain ]
MARC details
000 -LEADER
fixed length control field 01670pam a2200445 a 4500
001 - CONTROL NUMBER
control field 2976455
003 - CONTROL NUMBER IDENTIFIER
control field OSt
005 - DATE AND TIME OF LATEST TRANSACTION
control field 20140310182649.0
008 - FIXED-LENGTH DATA ELEMENTS--GENERAL INFORMATION
fixed length control field 920310s1992 dcua b 101 0 eng c
010 ## - LIBRARY OF CONGRESS CONTROL NUMBER
LC control number 92010497
020 ## - INTERNATIONAL STANDARD BOOK NUMBER
International Standard Book Number 1557981752 :
Terms of availability $35.00 ($29.50 to members)
040 ## - CATALOGING SOURCE
Original cataloging agency DNLM/DLC
Transcribing agency DLC
Modifying agency DLC
050 00 - LIBRARY OF CONGRESS CALL NUMBER
Classification number RC 967.5
Item number .St915 1992
082 00 - DEWEY DECIMAL CLASSIFICATION NUMBER
Classification number M 158.7
-- 20
Item number St8 1992
245 00 - TITLE STATEMENT
Title Stress & well-being at work
Remainder of title assessments and interventions for occupational mental health
Statement of responsibility, etc edited by Quick, James Campbell
250 ## - EDITION STATEMENT
Edition statement 1st ed.
260 ## - PUBLICATION, DISTRIBUTION, ETC. (IMPRINT)
Place of publication, distribution, etc Washington, DC
Name of publisher, distributor, etc American Psychological Association
Date of publication, distribution, etc c1992
300 ## - PHYSICAL DESCRIPTION
Extent x, 372 p.
Other physical details ill.
Dimensions 26 cm.
500 ## - GENERAL NOTE
General note Companion v. to: Work and well-being / edited by Gwendolyn Puryear Keita, and Steven L. Sauter. 1992.
504 ## - BIBLIOGRAPHY, ETC. NOTE
Bibliography, etc Includes bibliographical references and index.
521 ## - TARGET AUDIENCE NOTE
Target audience note
526 ## - STUDY PROGRAM INFORMATION NOTE
Reading level 1210L to 1700L
541 ## - IMMEDIATE SOURCE OF ACQUISITION NOTE
-- 1
562 ## - COPY AND VERSION IDENTIFICATION NOTE
Number of copies For Circulation. 1 copy in the collection
650 #0 - SUBJECT ADDED ENTRY--TOPICAL TERM
Topical term or geographic name as entry element Industrial psychiatry
General subdivision Congresses.
650 #0 - SUBJECT ADDED ENTRY--TOPICAL TERM
Topical term or geographic name as entry element Job stress
General subdivision Congresses.
650 #2 - SUBJECT ADDED ENTRY--TOPICAL TERM
Topical term or geographic name as entry element Occupational Diseases
General subdivision prevention & control
-- congresses.
650 #2 - SUBJECT ADDED ENTRY--TOPICAL TERM
Topical term or geographic name as entry element Occupational Health Services
General subdivision Congresses.
650 #2 - SUBJECT ADDED ENTRY--TOPICAL TERM
Topical term or geographic name as entry element Psychology, Industrial.
650 #2 - SUBJECT ADDED ENTRY--TOPICAL TERM
Topical term or geographic name as entry element Stress, Psychological
General subdivision prevention & control
-- congresses.
650 #2 - SUBJECT ADDED ENTRY--TOPICAL TERM
Topical term or geographic name as entry element Work
General subdivision psychology
-- congresses.
700 1# - ADDED ENTRY--PERSONAL NAME
Personal name Quick, James C.
700 1# - ADDED ENTRY--PERSONAL NAME
Personal name Murphy, Lawrence R.
700 1# - ADDED ENTRY--PERSONAL NAME
Personal name Hurrell, Joseph J.
730 0# - ADDED ENTRY--UNIFORM TITLE
Uniform title Work and well-being.
740 0# - ADDED ENTRY--UNCONTROLLED RELATED/ANALYTICAL TITLE
Uncontrolled related/analytical title Stress and well-being at work.
906 ## - LOCAL DATA ELEMENT F, LDF (RLIN)
a 7
b cbc
c orignew
d 1
e ocip
f 19
g y-gencatlg
942 ## - ADDED ENTRY ELEMENTS (KOHA)
Source of classification or shelving scheme Library of Congress Classification
Koha item type Books
Call number prefix
Holdings
Withdrawn status Lost status Source of classification or shelving scheme Damaged status Home library Current library Shelving location Date acquired Total Checkouts Full call number Barcode Date last seen Copy number Price effective from Koha item type
    Library of Congress Classification   College Library College Library General Circulation Section 04/18/2012   RC 967.5 .St915 1992 c0221 05/15/2018 1 04/18/2012 Books

Stress & well-being at work

APA

Quick J. C., Murphy L. R. & Hurrell J. J. (1992). Stress & well-being at work. Washington, DC: American Psychological Association.

Chicago

Quick James C, Murphy Lawrence R and Hurrell Joseph J. 1992. Stress & well-being at work. Washington, DC: American Psychological Association.

Harvard

Quick J. C., Murphy L. R. and Hurrell J. J. (1992). Stress & well-being at work. Washington, DC: American Psychological Association.

MLA

Quick James C, Murphy Lawrence R and Hurrell Joseph J. Stress & well-being at work. Washington, DC: American Psychological Association. 1992.

  • Place hold
  • Print
  • Cite
  • Add to your cart (remove)
  • Save record
    BIBTEX Dublin Core MARCXML MARC (non-Unicode/MARC-8) MARC (Unicode/UTF-8) MARC (Unicode/UTF-8, Standard) MODS (XML) RIS
  • More searches
    Search for this title in:
    Other Libraries (WorldCat) Other Databases (Google Scholar) Online Stores (Bookfinder.com) Open Library (openlibrary.org)

Exporting to Dublin Core...

SOUTHVILLE LIBRARY

Southville International School and Colleges Library

1281 Tropical Ave. Cor. Luxembourg St., BF Homes International, Las Pinas City

Tel. No. 8256374 / 252358 Loc. 117/146

Powered by Koha